000 00425nam a22001337a 4500
008 230620b xxu||||| |||| 00| 0 eng d
082 _a320.05
_bSIN 1967
110 _bInstitute of Constitutional and Parliamentary Studies
245 _aJournal of Constitutional and Parliamentary Studies
260 _aIndia
_bInstitute of Constitutional and Parliamentary Studies
_c1967
300 _a138p
440 _vI
942 _2ddc
_cBK
999 _c1547
_d1547